[Event "Mittelrhein Verbandsliga Sued 1920"]
[Site "Mittelrhein"]
[Date "2020.02.16"]
[Round "6.3"]
[White "Hemmert, Burghard"]
[Black "Didinger, Elmar"]
[Result "1/2-1/2"]
[WhiteElo "2013"]
[BlackElo "1902"]
[PlyCount "116"]
[EventDate "2019.09.29"]
[EventType "team-tourn"]
[EventRounds "9"]
[EventCountry "GER"]
[SourceTitle "EXT 2023"]
[Source "ChessBase"]
[SourceDate "2022.10.05"]
[SourceVersion "1"]
[SourceVersionDate "2022.10.05"]
[SourceQuality "1"]
[WhiteTeam "Siebengebirge"]
[BlackTeam "Hennef"]
[WhiteTeamCountry "GER"]
[BlackTeamCountry "GER"]

1. e4 e5 2. Nf3 Nc6 3. Bb5 d6 4. d4 exd4 5. Nxd4 Bd7 6. 0-0 Nf6 7. c4 Be7 8. Nc3 0-0 9. Bxc6 bxc6 10. b3 Re8 11. Bb2 Qc8 12. f3 c5 13. Nc2 Rb8 14. Ne3 c6 15. Ne2 Qc7 16. Ng3 Rbd8 17. Qd2 Bc8 18. Qc3 Bf8 19. Rad1 Qb7 20. Qc2 Qe7 21. Nef5 Bxf5 22. Nxf5 Qe6 23. Bc3 Nh5 24. g4 Nf4 25. Qd2 Ng6 26. Qb2 f6 27. Qd2 Ne5 28. Ne3 g6 29. Qg2 Bg7 30. Rd2 Nf7 31. Rd3 Rd7 32. Rfd1 Bh6 33. Nf5 Bf4 34. Bd2 Qe5 35. Bc3 Qe6 36. Bd2 Bxd2 37. R3xd2 Qe5 38. Ne3 Qf4 39. Qf2 Ng5 40. Kg2 Ne6 41. Nf1 Qe5 42. Ng3 Red8 43. Ne2 f5 44. gxf5 gxf5 45. exf5 Qxf5 46. Ng3 Qg6 47. Kh1 Kf8 48. Ne4 Nd4 49. Qh4 Nf5 50. Qf4 Rf7 51. Rg1 Nd4 52. Rxg6 Rxf4 53. Rxd6 Rxd6 54. Nxd6 Rxf3 55. Kg2 Re3 56. Rf2+ Kg8 57. Nf5 Re5 58. Nd6 Re6 1/2-1/2

[Event "Mittelrhein Verbandsliga Sued 1920"]
[Site "Mittelrhein"]
[Date "2019.10.27"]
[Round "2.4"]
[White "Kuehne, Thomas"]
[Black "Didinger, Elmar"]
[Result "1/2-1/2"]
[WhiteElo "1960"]
[BlackElo "1902"]
[PlyCount "107"]
[EventDate "2019.09.29"]
[EventType "team-tourn"]
[EventRounds "9"]
[EventCountry "GER"]
[SourceTitle "EXT 2023"]
[Source "ChessBase"]
[SourceDate "2022.10.05"]
[SourceVersion "1"]
[SourceVersionDate "2022.10.05"]
[SourceQuality "1"]
[WhiteTeam "Sankt Augustin Turm"]
[BlackTeam "Hennef"]
[WhiteTeamCountry "GER"]
[BlackTeamCountry "GER"]

1. d4 Nf6 2. Bf4 d5 3. e3 e6 4. Bd3 Be7 5. Nd2 0-0 6. h3 b6 7. Ngf3 Bb7 8. 0-0 Nbd7 9. Re1 Ne4 10. c4 f5 11. Ne5 Nxe5 12. Bxe5 Bb4 13. Bxe4 dxe4 14. Rc1 Bd6 15. Bxd6 cxd6 16. c5 dxc5 17. dxc5 bxc5 18. Nb3 Qf6 19. Nxc5 Rfd8 20. Qe2 Bd5 21. b3 a5 22. Rc2 Ra7 23. Rec1 Qe7 24. Na4 Qb4 25. Rc7 Qb8 26. Qc2 h6 27. Rxa7 Qxa7 28. Qc7 Rd7 29. Qe5 Kh7 30. h4 h5 31. Kh2 Rf7 32. Rc3 Qb7 33. Rc5 Qb4 34. Qc3 Qa3 35. Qb2 Qb4 36. Qc3 Qa3 37. Qb2 Qb4 38. a3 Qb8+ 39. g3 Rb7 40. Rxa5 Rxb3 41. Qd4 Rxa3 42. Ra7 Qf8 43. Rc7 Rd3 44. Qe5 Rd2 45. Kg2 Kg6 46. Nb6 Qf6 47. Qf4 e5 48. Qg5+ Qxg5 49. hxg5 Bb3 50. Nd7 Rd5 51. Nf8+ Kxg5 52. Rc6 h4 53. Ne6+ Kh5 54. Nxg7+ 1/2-1/2

[Event "Mittelrhein Verbandsliga-S 18/19"]
[Site "Nordrheinwestfalen"]
[Date "2019.05.05"]
[Round "10.3"]
[White "Didinger, Elmar"]
[Black "Preiss, Wolfgang"]
[Result "0-1"]
[WhiteElo "1891"]
[BlackElo "1797"]
[PlyCount "114"]
[EventDate "2018.09.02"]
[EventType "team-tourn"]
[EventRounds "11"]
[EventCountry "GER"]
[SourceTitle "EXT 2022"]
[Source "ChessBase"]
[SourceDate "2021.10.06"]
[SourceVersion "1"]
[SourceVersionDate "2021.10.06"]
[SourceQuality "1"]
[WhiteTeam "Hennef"]
[BlackTeam "Bergische SF II"]
[WhiteTeamCountry "GER"]
[BlackTeamCountry "GER"]

1. d4 Nf6 2. c4 d6 3. Nf3 e6 4. Nc3 Be7 5. e4 0-0 6. Bd3 Nc6 7. 0-0 e5 8. d5 Nb4 9. Bb1 a5 10. a3 Na6 11. h3 Bd7 12. Be3 c5 13. Nd2 Nc7 14. Bd3 Nfe8 15. f4 f6 16. Qe2 g6 17. Kh2 Ng7 18. f5 g5 19. g4 Qe8 20. Qg2 h5 21. gxh5 Qxh5 22. Be2 Qh6 23. Rh1 Kf7 24. Bg4 Nh5 25. Qe2 Nf4 26. Bxf4 exf4 27. Nf3 Rh8 28. Kg2 Rag8 29. Rad1 Qg7 30. Rhe1 Rh6 31. Qc2 Rgh8 32. Rh1 Kf8 33. Qb3 b5 34. cxb5 Bd8 35. Qc4 Na8 36. b4 axb4 37. axb4 Nb6 38. Qb3 c4 39. Qa2 Be8 40. Nd4 Qh7 41. Ne6+ Ke7 42. Qf2 Nd7 43. Nxd8 Kxd8 44. Ra1 Ke7 45. Ra7 Rh4 46. Qe2 Kf8 47. e5 Qh6 48. Rxd7 Bxd7 49. e6 Be8 50. Ne4 Rxg4+ 51. Kf1 f3 52. Qxc4 Qh4 53. e7+ Kg7 54. hxg4 Qxh1+ 55. Kf2 Rh2+ 56. Ke3 Re2+ 57. Kd3 Qd1+ 0-1

[Event "Verbandsliga Mittelrhein-Ost 1213"]
[Site "Germany"]
[Date "2013.04.14"]
[Round "9.5"]
[White "Didinger, Elmar"]
[Black "Lorenz, Roger"]
[Result "0-1"]
[WhiteElo "1910"]
[BlackElo "2069"]
[PlyCount "86"]
[EventDate "2012.09.09"]
[EventType "team"]
[EventRounds "11"]
[EventCountry "GER"]
[SourceTitle "EXT 2015"]
[Source "ChessBase"]
[SourceDate "2014.11.20"]
[SourceVersion "1"]
[SourceVersionDate "2014.11.20"]
[SourceQuality "1"]
[WhiteTeam "Hennef"]
[BlackTeam "Bonn Beuel"]
[WhiteTeamCountry "GER"]
[BlackTeamCountry "GER"]

1. e4 e6 2. d4 d5 3. exd5 exd5 4. Nf3 Bd6 5. Be2 Nf6 6. Nc3 0-0 7. Bg5 c6 8. Qd3 b5 9. Ne5 Re8 10. f4 b4 11. Nd1 Ba6 12. Qf3 Bxe2 13. Qxe2 Qc7 14. 0-0 Ne4 15. Bh4 Qb6 16. Bf2 f6 17. Nd3 Nd7 18. Be3 Re7 19. Rf3 Rae8 20. Rh3 Nf8 21. N1f2 Qa6 22. g4 c5 23. dxc5 Nxc5 24. Qd2 Ne4 25. Nxe4 Rxe4 26. Nf2 R4e7 27. Qxd5+ Kh8 28. Qd2 Rd7 29. Nd3 Red8 30. b3 Ne6 31. Qf2 Qb5 32. Qh4 Nf8 33. Qf2 a5 34. Rh5 Qa6 35. Bb6 Re8 36. Rxa5 Qc8 37. Qg2 Rde7 38. Rf1 Re2 39. Rf2 Qxc2 40. Qf3 Rxf2 41. Nxf2 Qc1+ 42. Kg2 Ng6 43. Qd1 Qc6+ 0-1

[Event "Verbandsliga Mittelrhein-Ost 1213"]
[Site "Germany"]
[Date "2013.02.03"]
[Round "7.5"]
[White "Didinger, Elmar"]
[Black "Herzwurm, Robert"]
[Result "1/2-1/2"]
[WhiteElo "1910"]
[BlackElo "2017"]
[PlyCount "93"]
[EventDate "2012.09.09"]
[EventType "team"]
[EventRounds "11"]
[EventCountry "GER"]
[SourceTitle "EXT 2015"]
[Source "ChessBase"]
[SourceDate "2014.11.20"]
[SourceVersion "1"]
[SourceVersionDate "2014.11.20"]
[SourceQuality "1"]
[WhiteTeam "Hennef"]
[BlackTeam "Euskirchen Turm"]
[WhiteTeamCountry "GER"]
[BlackTeamCountry "GER"]

1. e4 e6 2. d4 d5 3. Nd2 Nf6 4. e5 Nfd7 5. Bd3 c5 6. c3 Nc6 7. Ne2 cxd4 8. cxd4 f6 9. exf6 Nxf6 10. 0-0 Bd6 11. Re1 0-0 12. Nf3 Ng4 13. Ng3 e5 14. dxe5 Ncxe5 15. Nxe5 Bxe5 16. Rxe5 Nxe5 17. Bxh7+ Kxh7 18. Qh5+ Kg8 19. Qxe5 Re8 20. Qc3 d4 21. Qb3+ Be6 22. Qd1 Qd5 23. Bd2 Rac8 24. h3 Qb5 25. b3 Qd3 26. Rc1 Rxc1 27. Qxc1 Rc8 28. Qe1 Bf7 29. Bf4 Re8 30. Qa5 Qc3 31. Qg5 d3 32. Nh5 Bxh5 33. Qxh5 Qe1+ 34. Kh2 Qe4 35. Qg5 Qe6 36. g3 a6 37. h4 b5 38. h5 Qf6 39. Qd5+ Qe6 40. Qxd3 Qe4 41. Qd6 Qf3 42. Qc5 Rd8 43. h6 Rd5 44. Qc8+ Kh7 45. Qc2+ Kg8 46. Qc8+ Kh7 47. Qc2+ 1/2-1/2

[Event "Verbandsliga Mittelrhein-Ost 1213"]
[Site "Germany"]
[Date "2012.12.02"]
[Round "5.3"]
[White "Didinger, Elmar"]
[Black "Kessler, Ulrich"]
[Result "1/2-1/2"]
[WhiteElo "1910"]
[BlackElo "1911"]
[PlyCount "72"]
[EventDate "2012.09.09"]
[EventType "team"]
[EventRounds "11"]
[EventCountry "GER"]
[SourceTitle "EXT 2015"]
[Source "ChessBase"]
[SourceDate "2014.11.20"]
[SourceVersion "1"]
[SourceVersionDate "2014.11.20"]
[SourceQuality "1"]
[WhiteTeam "Hennef"]
[BlackTeam "Troisdorf"]
[WhiteTeamCountry "GER"]
[BlackTeamCountry "GER"]

1. d4 Nf6 2. c4 g6 3. Nf3 c5 4. d5 Ne4 5. Qc2 Qa5+ 6. Nfd2 f5 7. f3 Nd6 8. Nc3 Bg7 9. e3 Na6 10. Be2 Nb4 11. Qb1 Qd8 12. a3 Na6 13. 0-0 0-0 14. Qd3 e5 15. Rb1 b6 16. b4 cxb4 17. axb4 Qf6 18. Na4 Qh4 19. Ba3 Nb7 20. c5 Naxc5 21. bxc5 Qxa4 22. cxb6 d6 23. bxa7 Qxa7 24. Bb4 Nc5 25. Bxc5 Qxc5 26. Rfc1 Qa7 27. Rc6 e4 28. fxe4 fxe4 29. Nxe4 Re8 30. Bf3 Bf5 31. Rb3 Qa1+ 32. Kf2 Ra2+ 33. Rc2 Ra4 34. Rc4 Ra2+ 35. Rc2 Ra4 36. Rc4 Ra2+ 1/2-1/2

[Event "Verbandsliga Mittelrhein-Ost 1213"]
[Site "Germany"]
[Date "2012.09.09"]
[Round "1.4"]
[White "Steffens, Klaus"]
[Black "Didinger, Elmar"]
[Result "0-1"]
[WhiteElo "1916"]
[BlackElo "1910"]
[PlyCount "48"]
[EventDate "2012.09.09"]
[EventType "team"]
[EventRounds "11"]
[EventCountry "GER"]
[SourceTitle "EXT 2015"]
[Source "ChessBase"]
[SourceDate "2014.11.20"]
[SourceVersion "1"]
[SourceVersionDate "2014.11.20"]
[SourceQuality "1"]
[WhiteTeam "Siegburg"]
[BlackTeam "Hennef"]
[WhiteTeamCountry "GER"]
[BlackTeamCountry "GER"]

1. e4 e5 2. Bc4 Nf6 3. d4 Nc6 4. d5 Ne7 5. Nc3 Ng6 6. a3 d6 7. Nge2 Be7 8. 0-0 0-0 9. h3 a6 10. Be3 c5 11. dxc6 bxc6 12. Ng3 Bb7 13. Na4 d5 14. Bb6 Qd7 15. Bd3 Rfe8 16. Nc5 Bxc5 17. Bxc5 Nf4 18. b4 Qe6 19. Re1 Rad8 20. f3 Bc8 21. Qd2 N6h5 22. exd5 cxd5 23. Bf5 Qh6 24. Nxh5 Nxh3+ 0-1

[Event "Mittelrhein Verbandsliga-O 1112"]
[Site "Germany"]
[Date "2012.05.20"]
[Round "11"]
[White "Neubauer, Juergen"]
[Black "Didinger, Elmar"]
[Result "1-0"]
[WhiteElo "2082"]
[BlackElo "1910"]
[PlyCount "153"]
[EventDate "2011.09.18"]
[EventType "team-tourn"]
[EventRounds "11"]
[EventCountry "GER"]
[SourceTitle "EXT 2013"]
[Source "ChessBase"]
[SourceDate "2012.11.22"]
[SourceVersion "1"]
[SourceVersionDate "2012.11.22"]
[SourceQuality "1"]
[WhiteTeam "Euskirchen Turm"]
[BlackTeam "Hennef"]
[WhiteTeamCountry "GER"]
[BlackTeamCountry "GER"]

1. e4 e5 2. Nf3 Nc6 3. Bb5 d6 4. c3 Nf6 5. d3 Be7 6. 0-0 Bg4 7. Nbd2 0-0 8. h3 Bd7 9. Re1 a6 10. Ba4 b5 11. Bc2 Qc8 12. Nf1 Re8 13. Ng3 Nd8 14. d4 exd4 15. cxd4 c6 16. Bg5 Ne6 17. Bxf6 Bxf6 18. e5 Be7 19. Nf5 d5 20. Qd3 g6 21. Nxe7+ Rxe7 22. Nh2 Ng7 23. Qa3 Qe8 24. Rac1 a5 25. Bd1 h5 26. g4 hxg4 27. Nxg4 Bxg4 28. hxg4 Ne6 29. Qe3 g5 30. Kg2 Nf4+ 31. Kg3 f6 32. Bc2 fxe5 33. dxe5 Qd7 34. Bf5 Qc7 35. Kf3 Rd8 36. e6 Qd6 37. Qe5 Qxe5 38. Rxe5 Nxe6 39. Bxe6+ Rxe6 40. Rxg5+ Kf7 41. Rf5+ Ke7 42. g5 Kd6 43. Kg4 Rg8 44. f4 a4 45. Rf7 c5 46. Kf5 c4 47. Rf6 Rxf6+ 48. gxf6 d4 49. f7 Rf8 50. Kf6 d3 51. a3 Kd5 52. f5 Ke4 53. Re1+ Kf4 54. Rf1+ Ke3 55. Ke7 Rb8 56. f8Q Rxf8 57. Kxf8 Ke2 58. Rh1 d2 59. Ke7 d1Q 60. Rxd1 Kxd1 61. f6 Kc2 62. f7 Kxb2 63. f8Q Kxa3 64. Qf3+ Kb4 65. Qe2 Kb3 66. Qd1+ Kb2 67. Qd2+ Kb3 68. Qc1 c3 69. Qb1+ Kc4 70. Qc2 a3 71. Ke6 Kd4 72. Kf5 a2 73. Qxa2 Kd3 74. Qd5+ Kc2 75. Ke4 b4 76. Qa2+ Kd1 77. Kd3 1-0

[Event "Mittelrhein Verbandsliga-O 1112"]
[Site "Germany"]
[Date "2012.04.15"]
[Round "9"]
[White "Didinger, Elmar"]
[Black "Elbers, Falk Michael"]
[Result "0-1"]
[WhiteElo "1910"]
[BlackElo "1897"]
[PlyCount "96"]
[EventDate "2011.09.18"]
[EventType "team-tourn"]
[EventRounds "11"]
[EventCountry "GER"]
[SourceTitle "EXT 2013"]
[Source "ChessBase"]
[SourceDate "2012.11.22"]
[SourceVersion "1"]
[SourceVersionDate "2012.11.22"]
[SourceQuality "1"]
[WhiteTeam "Hennef"]
[BlackTeam "Bruehl III"]
[WhiteTeamCountry "GER"]
[BlackTeamCountry "GER"]

1. d4 Nf6 2. c4 c5 3. d5 b5 4. cxb5 a6 5. b6 d6 6. Nc3 g6 7. e4 Bg7 8. Nf3 0-0 9. Be2 Nbd7 10. 0-0 Rb8 11. Qc2 Qxb6 12. h3 Ne8 13. Rb1 Nc7 14. Be3 a5 15. Nd2 Ba6 16. Rfe1 Bxe2 17. Nxe2 Qa6 18. f4 f5 19. Nc4 fxe4 20. Qxe4 Nf6 21. Qd3 Nfxd5 22. Bd2 Nb6 23. Bxa5 Qxc4 24. Qxc4+ Nxc4 25. Bxc7 Rxb2 26. Rxb2 Bxb2 27. Ng3 Kf7 28. Re2 Rc8 29. Rc2 Rxc7 30. Rxc4 Ra7 31. a4 Bd4+ 32. Kf1 d5 33. Rc2 Rxa4 34. Ke2 Ra3 35. Nf1 Rb3 36. Nd2 Rg3 37. Kf1 Rc3 38. Ra2 Be3 39. g3 Bxd2 40. Rxd2 d4 41. Kf2 Kf6 42. Ra2 c4 43. Ra5 Rc2+ 44. Kf3 d3 45. Rc5 d2 46. Rd5 c3 47. Ke2 Rc1 48. g4 Re1+ 0-1

[Event "Mittelrhein Verbandsliga-O 1112"]
[Site "Germany"]
[Date "2012.03.18"]
[Round "8"]
[White "Bigott, Martin"]
[Black "Didinger, Elmar"]
[Result "1/2-1/2"]
[WhiteElo "1811"]
[BlackElo "1910"]
[PlyCount "37"]
[EventDate "2011.09.18"]
[EventType "team-tourn"]
[EventRounds "11"]
[EventCountry "GER"]
[SourceTitle "EXT 2013"]
[Source "ChessBase"]
[SourceDate "2012.11.22"]
[SourceVersion "1"]
[SourceVersionDate "2012.11.22"]
[SourceQuality "1"]
[WhiteTeam "Lohmar"]
[BlackTeam "Hennef"]
[WhiteTeamCountry "GER"]
[BlackTeamCountry "GER"]

1. e4 e5 2. Nf3 Nc6 3. Bb5 a6 4. Ba4 Nf6 5. 0-0 b5 6. Bb3 Be7 7. Re1 0-0 8. a4 b4 9. d4 exd4 10. e5 Ne8 11. Bd5 Rb8 12. Nxd4 Nxd4 13. Qxd4 c6 14. Bf3 d5 15. exd6 Bxd6 16. Rd1 Qc7 17. g3 Bf5 18. c3 a5 19. Be3 1/2-1/2